00364nam a2200133Ia 4500008004100000020001500041041001200056100001200068245008400080260002900164300000800193650001600201700001300217221030s9999 xx 000 0 und d a8183334266 aEnglish aS. Jain 0aIntroduction to Database Management System ` A ` : Levelcby S. Jain, S. Singh bBPB PubaNew Delhic2011 a163 aBE Computer aS. Singh